Dimensión social de la caridad /

Kaydedildi:
Detaylı Bibliyografya
Yazar: Velázquez H., Pedro (autor)
Materyal Türü: Kitap
Dil:İspanyolca
Baskı/Yayın Bilgisi: México : Secretariado Social Mexicano, 1962, c1962
Etiketler: Etiketle
Etiket eklenmemiş, İlk siz ekleyin!

MARC

LEADER 00000nam^a2200000^a^4500
001 000559081
005 20250521000000.0
009 20260310131834.358
037 |a Acervo ITESO - Biblioteca 
041 |a ESP 
091 |a FGM. 00795 
100 |a Velázquez H., Pedro  |e (autor) 
245 1 0 |a Dimensión social de la caridad / 
264 4 |a México :  |b Secretariado Social Mexicano,  |c 1962, c1962 
300 |a 175 p. 
336 |a texto  |b txt  |2 rdacontenido 
337 |a sin mediación  |b n  |2 rdamedio 
338 |a volumen  |b nc  |2 rdasoporte 
649 |a XX 
910 |a Fondo Efraín González Morfín 
920 |a Impresos - Libros 
930 |a Fondos Especiales 
905 |a 130 
901 |a 0500391483  |b IT2  |c ESL  |i D92275  |u 20250521 
902 |a https://opac.biblio.iteso.mx/vufind/Record/000559081